Movies Quiz

Random Movies or Actor Quiz

Scorsese/De Niro Movies Quiz Stats

 Plays Quiz Updated Jul 1, 2013

Score 0/8 Timer 02:00
1 Play Today
Year Film % Correct
1976Taxi Driver
85%
1990Goodfellas
83.7%
1980Raging Bull
83.2%
1995Casino
71.8%
1973Mean Streets
49.2%
1991Cape Fear
42.1%
1983The King of Comedy
35.4%
1977New York, New York
25%

You're not logged in!

Compare scores with friends on all Sporcle quizzes.
OR
Log In

Sporcle TV

Today on Sporcle TV


Watch our educational content, quiz creation guides, and fun videos on Sporcle TV.

Show Comments

Extras

Top Quizzes Today


Score Distribution

Your Account Isn't Verified!

In order to create a playlist on Sporcle, you need to verify the email address you used during registration. Go to your Sporcle Settings to finish the process.

Report this User

Report this user for behavior that violates our Community Guidelines.

Details: